Victor: Marcel Duchamp
Kaydedildi:
| Yazar: | |
|---|---|
| Materyal Türü: | Kitap |
| Dil: | İspanyolca |
| Baskı/Yayın Bilgisi: |
Madrid
Ediciones Ardora
2010
|
| Edisyon: | 1a. ed |
| Seri Bilgileri: | Ardora Exprés, 24
|
| Konular: | |
| Etiketler: |
Etiketle
Etiket eklenmemiş, İlk siz ekleyin!
|
MARC
| LEADER | 00000cam a2200000 a 4500 | ||
|---|---|---|---|
| 001 | UCE2083 | ||
| 003 | CL-VaPUC | ||
| 008 | 140605e20100000sp |||||||||||||||||spa|d | ||
| 020 | |a 9788488020420 | ||
| 082 | 0 | 4 | |a 843 |b ROC |2 21 |
| 100 | 0 | |a Roché, Henri-Pierre |e author |9 574554 | |
| 245 | 1 | 0 | |a Victor: Marcel Duchamp |
| 250 | |a 1a. ed | ||
| 300 | |a 122 p | ||
| 942 | |c BK | ||
| 945 | |d 20140605 14:22:00 |a dcastane | ||
| 260 | |a Madrid |b Ediciones Ardora |c 2010 | ||
| 650 | 0 | |a Novela francesa |9 264985 | |
| 650 | 0 | |a Literatura francesa |9 266330 | |
| 583 | |a last modification |c 20140605 14:22:00 |k Rodrigo Vera | ||
| 490 | 0 | |a Ardora Exprés, 24 | |
| 999 | |c 355752 |d 355750 | ||
| 952 | |0 0 |1 0 |3 erb |4 0 |6 843_000000000000000_ROC_2010 |7 0 |8 A |9 462608 |a BIBART |b BIBART |i 5082250 |o 843 ROC 2010 |p 5082250 |r 2025-03-13 |w 2019-11-23 |y BK |z Catalogado en:20140605 |k ART | ||